Drei horizontal gestreifte Landesflaggen - Statistiken

Allgemein
  • Dieses Quiz wurde 89 mal gespielt
  • Das Durchschnittsergebnis liegt bei 11 aus 13
Antwortstatistiken
Bildquiz Antwort % Korrekt
Deutschland
100%
Estland
100%
Russland
99%
Luxemburg
98%
Niederlande
98%
Bulgarien
95%
Litauen
95%
Ungarn
95%
Armenien
84%
Jemen
75%
Bolivien
72%
Gabun
72%
Sierra Leone
63%
Keine übereinstimmenden Quizze gefunden
Verteilung der Resultate
Anzahl Personen mit jedem Resultat
Perzentil nach korrekt beantworteten Fragen
Ihre Resultats-Entwicklung
Sie haben dieses Quiz noch nicht gespielt